| 000 | 00771nam a2200253Ia 4500 | ||
|---|---|---|---|
| 003 | OSt | ||
| 005 | 20220923224953.0 | ||
| 006 | a|||||r|||| 00| 0 | ||
| 007 | ta | ||
| 008 | 220922b |||||||| |||| 00| 0 hin d | ||
| 024 | _a254,491 | ||
| 037 | _cTextual | ||
| 040 |
_aARTS _cARTS _bhin |
||
| 041 |
_2hin _ahin |
||
| 082 | _aO152,3N424x, M9 | ||
| 100 |
_aराजाराम सिंह _9156275 |
||
| 245 | 0 | _aदलदल | |
| 246 | _aDaladala | ||
| 260 |
_aदिल्ली _b आर्य प्रकाशन मण्डल _c1989 |
||
| 300 |
_a140पृ. _ccm. |
||
| 650 |
_aहिन्दी साहित्य _9156264 |
||
| 942 |
_hO152,3N424x, M9 _cTEXL _2CC |
||
| 999 |
_c375102 _d375102 |
||